000
00328nam a22001457a 4500
003
SGT
020
_a
978-93-81608-79-1
082
_a
615.53
_b
C16S
100
_a
SHARMA,RASHI
245
_a
CONCEPT OF MANAS IN AYURVEDA
260
_a
NEW DELHI
_b
CHAUKHAMBHA PUB
_c
2016
300
_a
123
650
_a
AYURVEDA
942
_2
ddc
_c
BK
999
_c
11421
_d
11421